| 000 | 00417nam a22001697a 4500 | ||
|---|---|---|---|
| 999 |
_c189441 _d189441 |
||
| 005 | 20220630165335.0 | ||
| 010 | _aENG-133413 | ||
| 020 |
_a9789380151120 _c300.00 |
||
| 035 | _aEN-116745 | ||
| 037 | _bDBAD/PUB | ||
| 082 | _aN | ||
| 100 | _aPoddar, Sumant | ||
| 245 |
_aOne Amongst Us/ _cSumant Poddar |
||
| 260 | _bCinnamon Teal Print and Publishing | ||
| 300 |
_a278p. _c20cm(pbk) |
||
| 942 |
_2ddc _cEN _hN _mPOD |
||